000 00526nam a2200217Ia 4500
003 OSt
005 20220924134344.0
006 a|||||r|||| 00| 0
007 ta
008 220923b |||||||| |||| 00| 0 snd d
024 _a273708
037 _cTextual
040 _aARTS
_cARTS
_bsnd
041 _2snd
_asnd
082 _aO1593,3N35,HS, K9
100 _aLal Pushp
245 0 _aHik sard Deewar
260 _c1969
942 _hO1593,3N35,HS, K9
_cTEXL
_2CC
999 _c437197
_d437197